| 000 | 00723cam a22002531 4500 | ||
|---|---|---|---|
| 001 | 14697 | ||
| 003 | BD-RjUL | ||
| 005 | 20211208235656.0 | ||
| 008 | 140208s1961 nyu b 001 0 eng | ||
| 035 | _a(BD-RjUL)14751 | ||
| 035 | _a(OCoLC)356191 | ||
| 040 |
_aDLC _cOClU _dOCoLC _dUk _dDLC _dBD-RjUL _beng |
||
| 041 | _aeng | ||
| 082 | 0 | 0 |
_a658 _bJEE 1961 |
| 100 | 1 |
_aJerome, William Travers. _945810 |
|
| 245 | 1 | 0 |
_aExecutive control--the catalyst / _c William Travers Jerome. |
| 260 |
_aNew York : _bJ. Wiley, _cc1961. |
||
| 300 |
_axiii, 275 p. ; _c24 cm. |
||
| 504 | _aIncludes bibliography and index. | ||
| 650 | 0 |
_aIndustrial management. _945811 |
|
| 942 |
_2ddc _cBK |
||
| 999 |
_c14697 _d14697 |
||